Datum a čas kvízu
18
Celkem bodů
Celkový počet nahraných bodů na tomto kvízu bez doplňovacích otázek.
8.
Pořadí na kvízu
Konečné umístění týmu na tomto kvízu.
Zaznamenané odpovědi
| # | Otázka | Odpověď | Body | Výsledky |
|---|---|---|---|---|
| 1. | Prezident Pavel si při své dvo... | TON | 0 | |
| 2. | Parlament jednoho evropského s... | Spojené království (Velká Británie) | 0 | |
| 3. | Ve čtvrtek proběhlo předávání... | Hella, Alena Machoninová | 1 | |
| 4. | Automobilka Alfa Romeo se rozh... | Milano | 0 | |
| 5. | 21letý litevský reprezentant M... | C) hod diskem | 1 | |
| 6. | Jihoafrická republika má de fa... | Kapské město; Bloemfontein | 0.5 | |
| 7. | Které evropské hlavní město se... | Oslo | 0 | |
| 8. | Nyní vám dáme na výběr, zda si... | Windhoek; Manila | 0 | |
| 9. | Které malebné a nepříliš lidna... | Lublaň | 0 | |
| 10. | Kazachstán drží rekord v přejm... | Astana; Nur-Sultan | 0.5 |